01064nam a2200229 a 4500008004100000020002200041111012200063245030200185260005400487300003200541504004100573500002000614650002800634650003600662650003100698650003200729700002100761700002500782003000100807005001700808040000900825  a0813816203 (pbk.)20aJohn Lawrence Interdisciplinary Symposium on the Physical and Biomedical Sciencesn(1st :d1979 :cSioux Falls, S.D.)10aDissipative structures and spatiotemporal organization studies in biomedical research :breport of the First John Lawrence Interdisciplinary Symposium on the Physical and Biomedical Sciences, held January 17, 1979, in Sioux Falls, South Dakota /cedited by George P. Scott and J. Michael McMillin.0 aAmes, Iowa :bIowa State University Press,c1980. ax, 271 p. :bill. ;c23 cm. aIncludes bibliographical references. aIncludes index. 0aBiophysicsxCongresses. 0aBiological rhythmsxCongresses. 0aMorphogenesisxCongresses. 0aThermodynamicsxCongresses.10aScott, George P.10aMcMillin, J. Michael20230123134015.0 cNUST